000 00876nam a22002297a 4500
005 2012081302192.0
008 120813t xxu||||| |||| 00| 0 eng d
010 _aENG-105534
020 _a9789380929408
_c975.00
035 _aEN-89067
037 _bDBAD/PUB
040 _aDPL
_bEng
082 _a657.48
100 1 _aBasotia, Vijay
_950971
245 1 0 _aFinancial accounting :
_cby Vijay Basotia
_btools and techniques /
260 _aJaipur
_bDND Publications
_c2013
270 _a2, Shivgyan Avenue, (B-7), near Yojna Bhawan, Yudhishter Marg, C-Scheme
_bJaipur
_e302001
300 _aviii,296p.
_c23cm(Hb)
942 _2ddc
_cEN
_h657.48
_mBAS
999 _c68982
_d68982